| 000 | 00472nam a2200145 i 4500 | ||
|---|---|---|---|
| 001 | 26972 | ||
| 003 | ES-MaACL | ||
| 005 | 20230906153532.0 | ||
| 007 | t| | ||
| 008 | 030113s1878 sp ||||1| spa d | ||
| 110 | 2 |
_aAteneu Barcelonès. _92060 |
|
| 245 | 1 | 0 |
_aInauguración de la galería de retratos _b: acta de la sesión solemne para honrar la memoria de D. Ramón Anglasell / _cAteneo Barcelonés. |
| 260 |
_aBarcelona : _b[s.n., _c1878] |
||
| 852 |
_aES-MaACL _jT-319-F-1 |
||
| 999 |
_c26972 _d26972 |
||